Statistics for regions of norway

Click here to take the quiz!

General Stats

  • This quiz has been taken 1,234 times
  • The average score is 14 of 19

Answer Stats

HintAnswer% Correct
oslo
96%
finnmark
83%
troms
80%
nordland
77%
rogaland
74%
vest agder
74%
hordaland
71%
møre og romsdal
71%
telemark
71%
vestfold
71%
akershus
70%
østfold
70%
sør trøndelag
70%
nord trøndelag
69%
oppland
68%
sogn og fjordane
68%
aust agder
66%
buskerud
63%
hedmark
59%

Score Distribution

Percentile by Number Answered

Percent of People with Each Score

Your Score History

You have not taken this quiz